Frankenstein, or, the modern prometheus / (Record no. 117)
[ view plain ]
| 000 -LEADER | |
|---|---|
| fixed length control field | 01444pam a2200397 a 4500 |
| 005 - DATE AND TIME OF LATEST TRANSACTION | |
| control field | 20180921032230.0 |
| 008 - FIXED-LENGTH DATA ELEMENTS--GENERAL INFORMATION | |
| fixed length control field | 110120s2013 nyuab c 6 000 1 eng |
| 020 ## - IDENTIFIER FOR THE MANIFESTATION | |
| Identifier for the Manifestation | 978743487580: |
| Binding | paperback |
| 040 ## - CATALOGING SOURCE | |
| Language of Cataloging | eng |
| Transcribing Agency | APEC Schools Library |
| Description Conventions | rda |
| 082 00 - DEWEY DECIMAL CLASSIFICATION NUMBER | |
| Classification number | FIC |
| Author's Number | Sh441f 2004 |
| 100 1# - CREATOR | |
| Preferred Name of the Person | Shelley, Mary |
| 245 10 - TITLE AND STATEMENT OF RESPONSIBILITY | |
| Preferred Title Proper | Frankenstein, or, the modern prometheus / |
| Statement of Responsibility/Parallel Statement of Responsibility | by Mary Shelley. |
| 246 30 - VARIANT PARALLEL TITLE PROPER | |
| Parallel Title Proper/Variant/Later Title Proper | Frankenstein |
| 246 30 - VARIANT PARALLEL TITLE PROPER | |
| Parallel Title Proper/Variant/Later Title Proper | Modern Prometheus |
| 264 ## - PUBLICATION STATEMENT | |
| Place of publication, distribution, etc | New York, NY : |
| Publisher's Name/Parallel Publisher's Name | Simon & Schuster Paperback , |
| Copyright | ©2004. |
| Date of Publication | [2004]. |
| 300 ## - PHYSICAL DESCRIPTION | |
| Extent | 324 pages ; |
| Dimensions | 18 cm |
| 336 ## - RDA CONTENT | |
| Content Type | text |
| Source | rdacontent |
| 336 ## - RDA CONTENT | |
| Content Type | still image |
| Source | rdacontent |
| 337 ## - RDA MEDIA | |
| Media Type | unmediated |
| Source | rdamedia |
| 338 ## - RDA CARRIER | |
| Carrier Type | volume |
| Source | rdacarrier |
| 500 ## - GENERAL NOTE | |
| Note on Title/Statement of Responsibility/Edition/Publication/Copyright | Formerly CIP. |
| 520 ## - SUMMARIZATION OF THE CONTENT | |
| Summarization of the Content | "Classic tale of a monster, assembled by a scientist from parts of dead bodies, who develops a mind of his own as he learns to loathe himself and hate his creator."-- |
| 650 #1 - ADDED SUBJECT ACCESS POINT - TOPICAL TERM | |
| Topical Term | Graphic novels. |
| 650 #1 - ADDED SUBJECT ACCESS POINT - TOPICAL TERM | |
| Topical Term | Frankenstein's monster -- |
| Form Subdivision | Fiction |
| 650 #1 - ADDED SUBJECT ACCESS POINT - TOPICAL TERM | |
| Topical Term | Frankenstein, Victor |
| General Subdivision | Fictitious character |
| 700 1# - ADDED AUTHORIZED ACCESS POINT - PERSONAL NAME | |
| Preferred Name of the Person | Shelley, Mary Wollstonecraft, |
| Dates Associated with the Person | 1797-1851. |
| Title of a Work | Frankenstein. |
| 942 ## - ADDED ENTRY ELEMENTS (KOHA) | |
| Source of Classification | |
| Koha Item Type | Books |
| Library | Site Location | Shelving Location | Source of Acquisition | Full Classification Number | Accession Number | Koha Item Type |
|---|---|---|---|---|---|---|
| APEC Bacoor Library | APEC Bacoor Library | Fiction | Institutional Fund | FIC Sh441f 2004 | B04-0000129 | Fiction |
| APEC C. Raymundo Library | APEC C. Raymundo Library | Fiction | Institutional Fund | FIC Sh441f 2004 | A07-0000016 | Fiction |
| APEC Calumpang Library | APEC Calumpang Library | Fiction | Institutional Fund | FIC Sh441f 2004 | B10-0000159 | Fiction |
| APEC Dasmarinas Library | APEC Dasmarinas Library | Fiction | Institutional Fund | FIC Sh441f 2004 | B03-0000153 | Fiction |
| APEC España Library | APEC España Library | Fiction | Institutional Fund | FIC Sh441f 2004 | B11-0000115 | Fiction |
| APEC Grace Park West Library | APEC Grace Park West Library | Fiction | Institutional Fund | FIC Sh441f 2004 | A09-0000140 | Fiction |
| APEC Grace Park West Library | APEC Grace Park West Library | Fiction | Institutional Fund | FIC Sh441f 2004 | A09-0000141 | Fiction |
| APEC JRU Lipa Library | APEC JRU Lipa Library | Fiction | Institutional Fund | FIC Sh441f 2004 | B12-0000155 | Fiction |
| APEC Marikina Heights Library | APEC Marikina Heights Library | Fiction | Institutional Fund | FIC Sh441f 2004 | A08-0000016 | Fiction |
| APEC Concepcion Dos Library | APEC Marikina Heights Library | Fiction | Institutional Fund | FIC Sh441f 2004 | C02-0000155 | Fiction |
| APEC Muntinlupa Library | APEC Muntinlupa Library | Fiction | Institutional Fund | FIC Sh441f 2004 | B01-0000272 | Fiction |
| APEC New Manila Library | APEC New Manila Library | Fiction | Institutional Fund | FIC Sh441f 2004 | C03-0000156 | Fiction |
| APEC North Fairview Library | APEC North Fairview Library | Fiction | Institutional Fund | FIC Sh441f 2004 | A04-0000223 | Fiction |
| APEC Ortigas Extension, Cainta Library | APEC Ortigas Extension, Cainta Library | Fiction | Institutional Fund | FIC Sh441f 2004 | B09-0000149 | Fiction |
| APEC Roxas Boulevard Library | APEC Roxas Boulevard Library | Fiction | Institutional Fund | FIC Sh441f 2004 | B06-0000119 | Fiction |
| APEC Silangan, Pateros Library | APEC Silangan, Pateros Library | Fiction | Institutional Fund | FIC Sh441f 2004 | B07-0000134 | Fiction |
| APEC Sta. Rita Library | APEC Sta. Rita Library | Fiction | Institutional Fund | FIC Sh441f 2004 | B02-0000181 | Fiction |
| APEC Taytay Library | APEC Taytay Library | Fiction | Institutional Fund | FIC Sh441f 2004 | B08-0000125 | Fiction |
| APEC Tondo Library | APEC Tondo Library | Fiction | Institutional Fund | FIC Sh441f 2004 | A10-0000147 | Fiction |
| APEC V. Luna Library | APEC V. Luna Library | Fiction | Institutional Fund | FIC Sh441f 2004 | A01-0000165 | Fiction |
